Представление документа в формате RUSMARC

ПолеНазваниеЗначение
  Тип записи a
  Библиографический уровень a
001 Контрольный номер RU/CBS_UL/BASE/f072ffb9324f4332bbea39868c91b93b
005 Дата корректировки 20251211172545.5
100 Данные общей обработки __
a Данные общей обработки 20251211 ||| 0rusy0189 ca
101 Язык документа 0_
a Язык текста rus
102 Страна публикации __
a Страна публикации RU
200 Заглавие и сведения об ответственности 1_
a Заглавие Арап Петра Великого
e Сведения, относящиеся к заглавию [прадед А. С. Пушкина - А. П. Ганнибал]
f Первые сведения об ответственности И. Лапшина
300 Общие примечания __
a Общие примечания 16+
461 Уровень набора _0
1 2000
a 60 лет - не возраст
463 Уровень физической единицы _0
1 2000
a № 11
v С. 72-77 : ил
1 2101
d 2025
1 001RU/CBS_UL/BASE/246a63da4b4142ef8a9b19263fbfd670
600 Персоналии _1
a Персоналии (Фамилия) Ганнибал
b Персоналии (Имя, инициалы) А. П.
600 Персоналии _1
a Персоналии (Фамилия) Пушкин
b Персоналии (Имя, инициалы) А. С.
606 Тематические рубрики 0_
a Основная рубрика Ганнибал, Абрам Петрович (1696-1781)
606 Тематические рубрики 0_
a Основная рубрика Пушкин, Александр Сергеевич (1799-1837) - Родословная
610 Ключевые слова 0_
a Ключевые слова родословная Пушкина
610 Ключевые слова 0_
a Ключевые слова предки Пушкина
610 Ключевые слова 0_
a Ключевые слова генерал-аншефа
610 Ключевые слова 0_
a Ключевые слова земледельцы-новаторы
610 Ключевые слова 0_
a Ключевые слова сподвижники Петра I
686 Индексы других классификаций __
2 Код системы rubbk
a Классификационный индекс 63.3(2)51
a Классификационный индекс 83.3(2Рос=Рус)1
700 Автор _1
a Фамилия Лапшина
b Имя (инициалы) И.
801 Источник записи _0
a Страна RU
b Организация МБУК ЦБС г. Ульяновска
c Дата составления 20251211
g Правила каталогизации RCR
801 Источник записи _1
a Страна RU
b Организация МБУК ЦБС г. Ульяновска
c Дата составления 20251211
g Правила каталогизации RCR
901 Тип документа __
t Тип документа b
w Контрольный № источника RU/CBS_UL/BASE/246a63da4b4142ef8a9b19263fbfd670
909 Создатель записи __
a Создатель записи lib2